The educated child : (Record no. 3258)
[ view plain ]
| 000 -LEADER | |
|---|---|
| fixed length control field | 00589cam a22001694a 4500 |
| 005 - DATE AND TIME OF LATEST TRANSACTION | |
| control field | 20250901165407.0 |
| 008 - FIXED-LENGTH DATA ELEMENTS--GENERAL INFORMATION | |
| fixed length control field | 990728s1999 nyu bf 001 0 eng |
| 010 ## - LIBRARY OF CONGRESS CONTROL NUMBER | |
| LC control number | 99040335 |
| 020 ## - INTERNATIONAL STANDARD BOOK NUMBER | |
| International Standard Book Number | 0684833492 |
| 050 00 - LIBRARY OF CONGRESS CALL NUMBER | |
| Classification number | LB1048.5 .B46 1999 |
| Item number | .B45 1999 |
| 082 00 - DEWEY DECIMAL CLASSIFICATION NUMBER | |
| Classification number | 371.19/2 |
| Edition information | 21 |
| 100 1# - MAIN ENTRY--PERSONAL NAME | |
| Personal name | Bennett, William J. |
| Fuller form of name | (William John), |
| Dates associated with a name | 1943- |
| 245 14 - TITLE STATEMENT | |
| Title | The educated child : |
| Remainder of title | a parent's guide from preschool through eighth grade / |
| Statement of responsibility, etc. | William J. Bennett, Chester E. Finn, Jr., John T.E. Cribb, Jr. |
| 260 ## - PUBLICATION, DISTRIBUTION, ETC. | |
| Place of publication, distribution, etc. | New York : |
| Name of publisher, distributor, etc. | Free Press, |
| Date of publication, distribution, etc. | c1999. |
| 300 ## - PHYSICAL DESCRIPTION | |
| Extent | xxi, 666 p. ; |
| Dimensions | 25 cm. |
| 942 ## - ADDED ENTRY ELEMENTS (KOHA) | |
| Source of classification or shelving scheme | Dewey Decimal Classification |
| Withdrawn status | Lost status | Source of classification or shelving scheme | Damaged status | Not for loan | Home library | Current library | Shelving location | Date acquired | Total checkouts | Full call number | Barcode | Date last seen | Price effective from | Koha item type |
|---|---|---|---|---|---|---|---|---|---|---|---|---|---|---|
| Library of Congress Classification | Main Library | Main Library | 03/22/2021 | LB1048.5 .B46 1999 | PIU0007914 | 03/22/2021 | 03/22/2021 | Books |